| 000 | 00790nam a2200205 4500 | ||
|---|---|---|---|
| 999 |
_c80633 _d80633 |
||
| 008 | 210202b ||||| |||| 00| 0 eng d | ||
| 040 | _cSTAFF | ||
| 041 | _ager | ||
| 100 | _aBamberger, Max: | ||
| 245 |
_a"Wir Mendes": _bGeschichte und Geschichten einer jüdischen Familie aus Frankfurt an der Oder/ _cMax Bamberger ; Käthe Mende. Hrsg.: Michael Heinzmann, Katja Martin, Sarah Pohl |
||
| 260 |
_aPotsdam: _barijeh-verlag _c[2019] |
||
| 300 | _a212 S.: Abb. | ||
| 500 | _aEnthält: Ahnentafel der Familie Mende(l), 1 Blatt; Vorzugsdruck zur Buchpräsentation am 04.12.2019 | ||
| 653 | _aFrankfurt (Oder) | ||
| 653 | _aMende <Familie> | ||
| 653 | _aJudentum | ||
| 653 | _aBamberger, Max (1846-1919) | ||
| 653 |
_aMende, Käthe (1878-1963) _aMende, Louis (1782-1857) |
||
| 942 |
_2z _cB |
||